| 000 | 03095nam a2200685 4500 | ||
|---|---|---|---|
| 001 | 000 | ||
| 005 | 20150618145230.0 | ||
| 007 | 000 | ||
| 008 | 000 | ||
| 010 | _a 76047074 | ||
| 016 | 7 |
_a7706014 _2DNLM |
|
| 016 | 7 |
_aD15320000 _zD19930000 _2DNLM |
|
| 016 | 7 |
_a007170126 _2Uk |
|
| 022 |
_a0146-7336 _21 |
||
| 035 | _a(OCoLC)ocm02341825 | ||
| 037 | _bOryx Press, 4041 North Central at Indian School Rd., Phoenix, AZ 85012-3397 | ||
| 040 |
_aUOEL _beng _cDI _dNSDP _dDLC _dOCoLC _dDLC _dNSDP _dNST _dDLC _dNST _dOCoLC _dNST _dOCoLC _dNST _dInU _dNST _dOCoLC _dMH _dNST _dOCoLC _dMH _dInU _dNST _dMH _dOCoLC _dDNAL _dInU _dMH _dGU _dDNLM _dOCoLC _dCSdS _dCaQQL _dTNJ _dMtU _dDLC _dMH _dCU-M _dOCoLC _dUKMGB _dOCoLC _dOCLCF _dYDXCP _dOCoLC |
||
| 042 |
_ansdp _apcc |
||
| 043 | _an-us--- | ||
| 050 | 0 | 0 |
_aREF Q180.A1 _b.D7 |
| 082 | 0 | 4 | _a001.4/4/02573 |
| 222 | 0 | _aDirectory of research grants | |
| 245 | 0 | 0 | _aDirectory of research grants. |
| 246 | 1 | 3 |
_aDRG _f1981-<86> |
| 260 |
_a[Phoenix, Ariz., etc.] _bOryx Press. |
||
| 300 |
_avolumes _c29 cm |
||
| 310 | _aAnnual | ||
| 362 | 1 | _aBegan with 1975. | |
| 500 | _aPublisher varies. | ||
| 504 | _aIncludes bibliographical references. | ||
| 515 | _aVols. <2004-> called also: 29th edition. | ||
| 520 | 8 | _aIntended for anyone seeking support for research projects. Entries arranged under broad topics, e.g., dentistry, economics, and medical research. Each entry gives descriptive information concerning amount, purpose, and application. Indexes by grant names, organizations, and subjects. | |
| 530 | _aAlso issued online. | ||
| 580 | _aIssued also as a part of Grants database. | ||
| 590 | _aSERBIB/SERLOC merged record | ||
| 650 | 0 |
_aScholarships _zUnited States _vDirectories. |
|
| 650 | 0 |
_aResearch grants _zUnited States _vDirectories. |
|
| 650 | 2 |
_aResearch Support _vDirectory. |
|
| 650 | 2 |
_aTraining Support _vDirectory. |
|
| 650 | 6 |
_aBourses d'études _zÉtats-Unis _vRépertoires. |
|
| 650 | 6 |
_aBourses de recherche _zÉtats-Unis _vRépertoires. |
|
| 650 | 7 |
_aResearch grants. _2fast |
|
| 650 | 7 |
_aScholarships. _2fast |
|
| 651 | 7 |
_aUnited States. _2fast |
|
| 655 | 7 |
_aDirectories. _2fast |
|
| 776 | 0 | 8 |
_iOnline version: _tDirectory of research grants _w(OCoLC)559062834 |
| 776 | 0 | 8 |
_iOnline version: _tDirectory of research grants _w(OCoLC)607775121 |
| 787 | 1 |
_tGrants database _w(DLC)sn 95015051 _w(OCoLC)31061608 |
|
| 906 |
_a7 _bcbc _cserials _d2 _encip _f19 _gn-oclcserc |
||
| 936 |
_aUnknown _a1986 |
||
| 942 |
_2lcc _cREF |
||
| 999 |
_c10426 _d10426 |
||